| 000 | 00647cam a22002173a 4500 | ||
|---|---|---|---|
| 001 | 38327 | ||
| 003 | PGUSA | ||
| 005 | 20140828083839.0 | ||
| 008 | 111217s2011||||xxu|||||s|||||000 | eng d | ||
| 040 |
_aPGUSA _beng |
||
| 042 | _adc | ||
| 100 | 1 |
_aEvelyn, John, _d1620-1706 |
|
| 245 | 1 | 4 |
_aThe History of Sabatai Sevi : _bThe Suppos'd Messiah of the Jews _h[electronic resource] / _cJohn Evelyn |
| 260 |
_bProject Gutenberg, _c2011 |
||
| 506 | _aPublic domain in the USA. | ||
| 516 | _aElectronic text | ||
| 700 | 1 | _aGrose, Christopher W. | |
| 830 | 0 |
_aProject Gutenberg _v38327 |
|
| 856 | 4 | 0 | _uhttp://www.gutenberg.org/ebooks/38327 |
| 942 | _cEB | ||
| 999 |
_c267581 _d267581 |
||